[Event "EU-ch Online U2300 Qual"]
[Site "Chess.com INT"]
[Date "2020.05.25"]
[Round "2"]
[White "Heinmets, Tonu"]
[Black "Ulyankin, Igor"]
[Result "0-1"]
[WhiteElo "1886"]
[BlackElo "1936"]
[PlyCount "120"]
[EventDate "2020.05.25"]
[EventType "swiss"]
[EventRounds "8"]
[EventCountry "NET"]
[SourceTitle "EXT 2021"]
[Source "ChessBase"]
[SourceDate "2020.10.23"]
[SourceVersion "1"]
[SourceVersionDate "2020.10.23"]
[SourceQuality "1"]

1. Nf3 c5 2. g3 Nc6 3. Bg2 g6 4. 0-0 Bg7 5. d3 Nf6 6. e4 d6 7. c3 0-0 8. Nbd2 Ne8 9. a4 Rb8 10. Nc4 Bd7 11. Re1 b6 12. e5 d5 13. Na3 a6 14. Nc2 Nc7 15. Bf4 Ne6 16. Qd2 Nxf4 17. Qxf4 e6 18. Ne3 b5 19. axb5 Rxb5 20. Ng4 Rxb2 21. Nf6+ Bxf6 22. exf6 a5 23. Qh4 Rb8 24. g4 h6 25. h3 Rb3 26. Rac1 a4 27. Nh2 Kh7 28. g5 h5 29. Bf3 Rh8 30. Ng4 Kg8 31. Nh6+ Rxh6 32. gxh6 Kh7 33. Qg5 a3 34. Bxh5 a2 35. Bg4 Qb6 36. Qd2 Ra3 37. Ra1 d4 38. cxd4 Nxd4 39. Rxa2 Rxa2 40. Qxa2 Bc6 41. Rb1 Qd8 42. Re1 Qxf6 43. Re3 Qe7 44. Qa5 Kxh6 45. Qe1 f5 46. Bd1 f4 47. Re5 Bf3 48. Qd2 Qh4 49. Kh2 Bxd1 50. Qxd1 Qxf2+ 51. Kh1 Nf5 52. Rxf5 exf5 53. Qc1 Qe3 54. Qc2 Qxh3+ 55. Kg1 Qg3+ 56. Kf1 Qe3 57. Qh2+ Kg7 58. Qh4 Qxd3+ 59. Kg1 Qg3+ 60. Qxg3 fxg3 0-1

[Event "EU-ch Online U2300 Qual"]
[Site "Chess.com INT"]
[Date "2020.05.25"]
[Round "5"]
[White "Lahav, Michal"]
[Black "Ulyankin, Igor"]
[Result "1-0"]
[WhiteElo "2219"]
[BlackElo "1936"]
[PlyCount "107"]
[EventDate "2020.05.25"]
[EventType "swiss"]
[EventRounds "8"]
[EventCountry "NET"]
[SourceTitle "EXT 2021"]
[Source "ChessBase"]
[SourceDate "2020.10.23"]
[SourceVersion "1"]
[SourceVersionDate "2020.10.23"]
[SourceQuality "1"]

1. e4 c5 2. Nf3 Nf6 3. e5 Nd5 4. Nc3 e6 5. Bc4 Nb6 6. Be2 Nc6 7. d3 d6 8. Bg5 Be7 9. Bxe7 Qxe7 10. exd6 Qxd6 11. Qd2 0-0 12. Qg5 Nd5 13. Ne4 Qc7 14. 0-0 b6 15. Rfe1 Bb7 16. a3 Rac8 17. c4 Nf4 18. Nf6+ Kh8 19. Nxh7 Nxe2+ 20. Rxe2 Kxh7 21. Qh5+ Kg8 22. Ng5 Rfd8 23. Qh7+ Kf8 24. Qh8+ Ke7 25. Qxg7 Qd7 26. Qxf7+ Kd6 27. Rxe6+ Qxe6 28. Qxe6+ Kc7 29. Qf7+ Kb8 30. Ne6 Rg8 31. Qf4+ Ka8 32. Nc7+ Rxc7 33. Qxc7 Nd4 34. g3 Nf3+ 35. Kf1 Nxh2+ 36. Ke2 Nf3 37. Qf7 Rd8 38. Qxf3 Bxf3+ 39. Kxf3 Rxd3+ 40. Kg4 Rd2 41. f4 Kb7 42. b4 Rd4 43. bxc5 Rxc4 44. cxb6 Kxb6 45. Kg5 Kc6 46. Rd1 Rc3 47. g4 a5 48. f5 Rg3 49. a4 Rf3 50. f6 Kc7 51. Kg6 Rf4 52. g5 Kc6 53. f7 Kc5 54. Kg7 1-0

[Event "Sochi ChessAmateur op"]
[Site "Sochi"]
[Date "2018.04.05"]
[Round "7"]
[White "Yezhel, Valiantsin"]
[Black "Ulyankin, Igor"]
[Result "1/2-1/2"]
[WhiteElo "2216"]
[BlackElo "1996"]
[PlyCount "42"]
[EventDate "2018.04.01"]
[EventType "swiss"]
[EventRounds "9"]
[EventCountry "RUS"]
[SourceTitle "CBM 184 Extra"]
[Source "ChessBase"]
[SourceDate "2018.06.28"]
[SourceVersion "1"]
[SourceVersionDate "2018.06.28"]
[SourceQuality "1"]

1. d4 Nf6 2. c4 e6 3. g3 d5 4. Bg2 c6 5. Nf3 Be7 6. 0-0 0-0 7. Nc3 Nbd7 8. Qd3 b6 9. e4 dxe4 10. Nxe4 Nxe4 11. Qxe4 Bb7 12. Rd1 Nf6 13. Qe2 Qc8 14. Bf4 Re8 15. Bh3 h6 16. Ne5 Bf8 17. Rac1 Qd8 18. Bg2 Rc8 19. a3 Qe7 20. Qf3 Ba6 21. c5 Nd5 1/2-1/2

[Event "Sochi ChessAmateur op"]
[Site "Sochi"]
[Date "2018.04.02"]
[Round "3"]
[White "Gubernatorov, Sergey"]
[Black "Ulyankin, Igor"]
[Result "1-0"]
[WhiteElo "2200"]
[BlackElo "1996"]
[PlyCount "121"]
[EventDate "2018.04.01"]
[EventType "swiss"]
[EventRounds "9"]
[EventCountry "RUS"]
[SourceTitle "CBM 184 Extra"]
[Source "ChessBase"]
[SourceDate "2018.06.28"]
[SourceVersion "1"]
[SourceVersionDate "2018.06.28"]
[SourceQuality "1"]

1. c4 e5 2. g3 Nf6 3. Bg2 Nc6 4. Nf3 d5 5. cxd5 Nxd5 6. 0-0 Be7 7. d4 exd4 8. Nxd4 Nxd4 9. Qxd4 Nf6 10. Qa4+ Bd7 11. Qb3 Rb8 12. Bf4 0-0 13. Nc3 Be6 14. Qa4 a6 15. Rfd1 Qc8 16. Rac1 Rd8 17. Rxd8+ Bxd8 18. Ne4 b5 19. Nxf6+ Bxf6 20. Qb4 Qf8 21. Qxf8+ Rxf8 22. b3 Rd8 23. h4 h6 24. Rxc7 Rd1+ 25. Kh2 g5 26. hxg5 hxg5 27. Rc1 Rxc1 28. Bxc1 a5 29. Bc6 b4 30. f3 Bd8 31. e4 f6 32. Be3 Kg7 33. g4 Bc7+ 34. Kg2 Bc8 35. Bb5 Kf7 36. Kf2 Ke7 37. Bd4 Bd8 38. Bc5+ Ke6 39. Ke3 Bc7 40. Bc4+ Kd7 41. Bd4 Be5 42. Bb6 Bd6 43. Bxa5 Bc5+ 44. Kd3 Bb7 45. Bb5+ Kd6 46. Bd8 Ke5 47. Bc7+ Bd6 48. Bxd6+ Kxd6 49. Kc4 Ke5 50. Kxb4 Kf4 51. a4 Kxf3 52. a5 Kxg4 53. a6 Ba8 54. Kc5 Kf4 55. e5 fxe5 56. Bc6 e4 57. Bxa8 e3 58. Bf3 Kxf3 59. a7 e2 60. a8Q+ Kf2 61. Qf8+ 1-0

[Event "RSSU-18 op"]
[Site "Moscow"]
[Date "2009.10.29"]
[Round "8"]
[White "Ulyankin, Igor"]
[Black "Chadaeva, Tatiana"]
[Result "0-1"]
[WhiteElo "1761"]
[BlackElo "1754"]
[PlyCount "164"]
[EventDate "2009.10.17"]
[EventType "swiss"]
[EventRounds "9"]
[EventCountry "RUS"]
[SourceTitle "EXT 2022"]
[Source "ChessBase"]
[SourceDate "2021.10.06"]
[SourceVersion "1"]
[SourceVersionDate "2021.10.06"]
[SourceQuality "1"]

1. d4 d5 2. c4 dxc4 3. Nc3 e6 4. e3 Nf6 5. Bxc4 a6 6. a4 c5 7. Nf3 b6 8. dxc5 Qxd1+ 9. Kxd1 Bxc5 10. Ke2 Bb7 11. b3 Nc6 12. Ba3 Bxa3 13. Rxa3 Ke7 14. Na2 a5 15. Rb1 Rhc8 16. Bd3 Nd5 17. Bc4 Ba6 18. Bxa6 Rxa6 19. Rc1 Raa8 20. Rc4 Ncb4 21. Nxb4 Nxb4 22. Ra1 Rxc4 23. bxc4 Rc8 24. Rc1 f6 25. Nd4 Nc6 26. Kd3 Ne5+ 27. Ke2 Rxc4 28. Ra1 Nc6 29. Kd3 Rc5 30. Nc2 Ne5+ 31. Kd2 Nc4+ 32. Kd3 Nb2+ 33. Kd2 Rc4 34. Ra2 Nxa4 35. Kd3 b5 36. Nd4 Rc5 37. Nxb5 Rxb5 38. Rxa4 Rd5+ 39. Ke2 e5 40. e4 Rc5 41. Kd3 Kd6 42. f3 Kc6 43. Ra1 Kb6 44. g3 Rb5 45. f4 Rb2 46. fxe5 fxe5 47. Kc4 Rxh2 48. Kd5 Rh5 49. Rb1+ Kc7 50. Rb5 Rg5 51. Rxa5 Rxg3 52. Ra7+ Kb6 53. Re7 Rg5 54. Re8 Kc7 55. Re7+ Kb6 56. Re8 h5 57. Ke6 Kc5 58. Rd8 h4 59. Rh8 Kd4 60. Rxh4 Rg1 61. Kf5 g6+ 62. Kf6 Re1 63. Kxg6 Rxe4 64. Rh8 Rf4 65. Kg5 Rf1 66. Rd8+ Ke3 67. Ra8 Re1 68. Ra3+ Kf2 69. Ra2+ Kf3 70. Ra3+ Re3 71. Ra1 e4 72. Rf1+ Ke2 73. Rf4 Kd3 74. Kg4 Re1 75. Kg3 e3 76. Rf8 Ke2 77. Kg2 Rd1 78. Rf5 Ke1 79. Kf3 e2 80. Rh5 Rd3+ 81. Ke4 Kd2 82. Rh2 Ra3 0-1

[Event "RSSU-18 op"]
[Site "Moscow"]
[Date "2009.10.25"]
[Round "6"]
[White "Goroshilov, Vladislav"]
[Black "Ulyankin, Igor"]
[Result "0-1"]
[WhiteElo "2107"]
[BlackElo "1761"]
[PlyCount "81"]
[EventDate "2009.10.17"]
[EventType "swiss"]
[EventRounds "9"]
[EventCountry "RUS"]
[SourceTitle "EXT 2022"]
[Source "ChessBase"]
[SourceDate "2021.10.06"]
[SourceVersion "1"]
[SourceVersionDate "2021.10.06"]
[SourceQuality "1"]

1. d4 Nf6 2. c4 g6 3. Nc3 Bg7 4. e4 d6 5. Be2 0-0 6. Bg5 c5 7. d5 h6 8. Bf4 Nbd7 9. f3 Ne5 10. Qd2 g5 11. Be3 Ng6 12. g3 Nh5 13. f4 gxf4 14. gxf4 e5 15. Bxh5 Qh4+ 16. Bf2 Qxh5 17. f5 Nf4 18. Bg3 Bd7 19. Kf2 a6 20. a4 b5 21. axb5 axb5 22. Rxa8 Rxa8 23. cxb5 Ra1 24. b6 Bc8 25. Nce2 Ba6 26. b7 Bxb7 27. Bxf4 Qh4+ 28. Kg2 Qg4+ 29. Bg3 Qxe4+ 30. Nf3 Rxh1 31. Nc3 Qxf5 32. Kxh1 Qxf3+ 33. Qg2 Bxd5 34. Qxf3 Bxf3+ 35. Kg1 f5 36. Kf2 Bc6 37. Bh4 Kf7 38. Ke2 Ke6 39. Kd3 d5 40. Bf2 d4 41. Nb1 0-1

[Event "RSSU-18 op"]
[Site "Moscow"]
[Date "2009.10.18"]
[Round "2"]
[White "Ulyankin, Igor"]
[Black "Rabinovich, Anton Solomonovich"]
[Result "0-1"]
[WhiteElo "1761"]
[BlackElo "2016"]
[PlyCount "68"]
[EventDate "2009.10.17"]
[EventType "swiss"]
[EventRounds "9"]
[EventCountry "RUS"]
[SourceTitle "EXT 2022"]
[Source "ChessBase"]
[SourceDate "2021.10.06"]
[SourceVersion "1"]
[SourceVersionDate "2021.10.06"]
[SourceQuality "1"]

1. d4 d5 2. c4 c6 3. Nc3 Nf6 4. Nf3 e6 5. cxd5 exd5 6. Bf4 Be7 7. e3 Nh5 8. Be5 Nd7 9. Bd3 Nxe5 10. dxe5 g6 11. 0-0 0-0 12. h3 Ng7 13. Bc2 Ne6 14. Nd4 Qc7 15. f4 f6 16. exf6 Bxf6 17. Nce2 Nxd4 18. exd4 Bg7 19. Rf3 Bd7 20. Rb1 Rae8 21. Kh1 Re7 22. Qd2 Rfe8 23. Rf2 Qb6 24. b3 Re3 25. Rbf1 Qd8 26. Bd1 Qh4 27. Ng1 Bf5 28. Re2 Rxe2 29. Bxe2 Re4 30. Qa5 Bxd4 31. Bd3 Bb6 32. Qa3 Rxf4 33. Rxf4 Qxf4 34. Be2 Qe3 0-1

[Event "Moscow op-B"]
[Site "Moscow"]
[Date "2009.02.08"]
[Round "9"]
[White "Belskiy, Artem"]
[Black "Ulyankin, Igor"]
[Result "0-1"]
[WhiteElo "1400"]
[BlackElo "1400"]
[PlyCount "20"]
[EventDate "2009.01.31"]
[EventType "swiss"]
[EventRounds "9"]
[EventCountry "RUS"]
[SourceTitle "EXT 2023"]
[Source "ChessBase"]
[SourceDate "2022.10.05"]
[SourceVersion "1"]
[SourceVersionDate "2022.10.05"]
[SourceQuality "1"]

1. d4 d6 2. c4 Nf6 3. Nc3 g6 4. Nf3 Bg7 5. e4 c6 6. Be2 0-0 7. Bg5 h6 8. Be3 Na6 9. h3 Kh7 10. Qd2 Qc7 0-1